[Event "IM"]
[Site "Petah Tiqwa ISR"]
[Date "2008.11.05"]
[Round "9"]
[White "Popilski,G"]
[Black "Boruchovsky,A"]
[Result "1-0"]
[WhiteElo "2394"]
[BlackElo "2080"]

1.d4 d5 2.c4 e6 3.Nc3 Be7 4.Nf3 Nf6 5.Bf4 O-O 6.e3 b6 7.cxd5 exd5 8.Bd3 Nbd7
9.O-O Bb7 10.Ne5 c5 11.Qf3 Nxe5 12.dxe5 Ne8 13.Bc4 dxc4 14.Qxb7 Nc7 15.Rad1 Qc8
16.Qc6 Ne6 17.Qa4 a6 18.Nd5 Bd8 19.Qxc4 b5 20.Qe4 Kh8 21.b3 Ba5 22.Bg3 Ra7
23.f4 Qa8 24.f5 Nc7 25.Qf3 Nxd5 26.Rxd5 Rd8 27.e4 Bb6 28.f6 g6 29.e6 Re8
30.e7 c4+ 31.Bf2 Bxf2+ 32.Qxf2 Rc7 33.Rfd1 Rcc8 34.Qd2 Qc6 35.Rd8 cxb3 36.axb3  1-0

[Event "FSGM November"]
[Site "Budapest HUN"]
[Date "2008.11.08"]
[Round "8"]
[White "Varga,Zo"]
[Black "Arngrimsson,D"]
[Result "1-0"]
[WhiteElo "2494"]
[BlackElo "2392"]

1.c4 e6 2.d4 d5 3.Nc3 Nf6 4.Nf3 Be7 5.Bf4 O-O 6.e3 c6 7.h3 Nbd7 8.Rc1 b6
9.cxd5 exd5 10.Bd3 Bb7 11.O-O Re8 12.Re1 g6 13.e4 dxe4 14.Nxe4 Nd5 15.Bg3 Nf8
16.Ne5 Ne6 17.Bc4 b5 18.Bb3 Rc8 19.a3 c5 20.dxc5 Nxc5  1-0

[Event "Corus Internet Qualifier"]
[Site "ICC INT"]
[Date "2008.11.08"]
[Round "3.1"]
[White "Iturrizaga,E"]
[Black "Meier,Geo"]
[Result "1-0"]
[WhiteElo "2538"]
[BlackElo "2558"]

1.c4 e6 2.Nf3 Nf6 3.Nc3 d5 4.d4 Be7 5.Bf4 O-O 6.e3 c5 7.dxc5 Bxc5 8.a3 Nc6
9.b4 Be7 10.cxd5 Nxd5 11.Nxd5 exd5 12.Bd3 Bf6 13.Rc1 h6 14.Bb1 Re8 15.O-O Bg4
16.h3 Bxf3 17.Qxf3 Qd7 18.Bxh6 Bb2 19.Rc2 Bxa3 20.Qg3 g6 21.Rd2 d4 22.b5 Ne7
23.Qe5  1-0

[Event "38th Olympiad w"]
[Site "Dresden GER"]
[Date "2008.11.13"]
[Round "1"]
[White "Caoili,A"]
[Black "Sharevich,A"]
[Result "1-0"]
[WhiteElo "2170"]
[BlackElo "2322"]

1.d4 d5 2.Nf3 Nf6 3.c4 e6 4.Nc3 Be7 5.Bf4 O-O 6.e3 c5 7.dxc5 Bxc5 8.a3 Nc6
9.Qc2 Qa5 10.O-O-O Be7 11.h4 a6 12.g4 b5 13.g5 Ne4 14.Nxe4 dxe4 15.Qxe4 Bb7
16.Rd7 Nd8 17.Rxb7 Nxb7 18.Bd3 g6 19.Qxb7 Bxa3 20.Be5 bxc4 21.h5 Bxb2+ 22.Kxb2 Qb5+
23.Qxb5 axb5 24.Be4 Ra4 25.Bc2 Raa8 26.Nd2 Rfd8 27.Ne4 b4 28.hxg6 fxg6 29.Nd6 c3+
30.Kb3 Ra5 31.f4 Rda8 32.Kxb4 Ra2 33.Bb3 Rb8+ 34.Nb5 Rxb5+ 35.Kxb5 Rb2 36.Kc4  1-0

[Event "38th Olympiad"]
[Site "Dresden GER"]
[Date "2008.11.13"]
[Round "1"]
[White "Kawuma,M"]
[Black "Chimthere,A"]
[Result "1/2-1/2"]
[WhiteElo "2204"]
[BlackElo "1966"]

1.d4 Nf6 2.Nf3 e6 3.c4 d5 4.Nc3 Be7 5.Bf4 O-O 6.e3 c5 7.dxc5 Bxc5 8.Bd3 dxc4
9.Bxc4 Qxd1+ 10.Rxd1 Bd7 11.Ne5 Be8 12.Nb5 Nc6 13.Nd3 Be7 14.Nc7 Rc8 15.Nxe6 fxe6
16.Bxe6+ Bf7 17.Bxc8 Rxc8 18.a3 Nd5 19.O-O Nxf4 20.Nxf4 Bf6 21.Rd2 Ne5 22.Nd5 h5
23.Nxf6+ gxf6 24.Rfd1 Kg7 25.f3 Kg6 26.Kf2 Bb3 27.Re1 a5 28.f4 Nc4 29.Rd3 a4
30.Re2 b5 31.e4 Rc6 32.Rd5 Nd6 33.Rd4 Nc4 34.g3 Kh6 35.h3 Kg6 36.g4 hxg4
37.hxg4 Rc8 38.Rd5 Rh8 39.Kg2 Nb6 40.Rd6 Nc4 41.Rd7 Rh4 42.Kg3 Rh1 43.e5 fxe5
44.fxe5 Bd1 45.Rf2 Nxe5 46.Rd6+ Kg7 47.Kf4 Nf7 48.Rb6 Rg1 49.Rxb5 Rxg4+ 50.Ke3 Bb3
51.Rb7 Kg6 52.Rb4 Rg3+ 53.Kd4 Rg5 54.Rb6+ Kg7 55.Kc3 Nd8 56.Re2 Kf7 57.Rd6 Ne6
58.Rd7+ Kf6 59.Rf2+  1/2-1/2

[Event "38th Olympiad w"]
[Site "Dresden GER"]
[Date "2008.11.14"]
[Round "2"]
[White "Raeva,E"]
[Black "Endress,A"]
[Result "0-1"]
[WhiteElo "2251"]
[BlackElo "2067"]

1.d4 d5 2.c4 e6 3.Nc3 Nf6 4.Nf3 Be7 5.Bf4 O-O 6.e3 c6 7.Bd3 Nbd7 8.O-O dxc4
9.Bxc4 b5 10.Bd3 b4 11.Ne4 Nxe4 12.Bxe4 Bb7 13.Rc1 Rc8 14.Qa4 Qb6 15.Nd2 Nf6
16.Bf3 c5 17.Be5 Bxf3 18.Nxf3 Ne4 19.h3 Rfd8 20.Rc4 cxd4 21.Bxd4 Qb7 22.Rxc8 Rxc8
23.Qxa7 Qxa7 24.Bxa7 Ra8 25.Bd4 Rxa2 26.Rc1 f6 27.Ne1 e5 28.Bb6 Rxb2 29.Ba5 Nxf2
30.Rc4 Kf7 31.Rc7 Ke6 32.Rb7 Bc5 33.Rxg7 Bxe3 34.Kf1 e4 35.Rxh7 Nh1 36.Bc7 Bf2
37.Bf4 e3 38.Nd3 e2+  0-1

[Event "38th Olympiad"]
[Site "Dresden GER"]
[Date "2008.11.15"]
[Round "3"]
[White "Petrosian,TL"]
[Black "Rodgaard,J"]
[Result "1-0"]
[WhiteElo "2629"]
[BlackElo "2383"]

1.d4 e6 2.c4 d5 3.Nc3 Be7 4.Nf3 Nf6 5.Bf4 O-O 6.a3 c5 7.dxc5 Bxc5 8.cxd5 Nxd5
9.Nxd5 exd5 10.Rc1 Bb6 11.e3 Nc6 12.Bd3 Bg4 13.h3 Bh5 14.O-O Qf6 15.g4 Bg6
16.Bxg6 hxg6 17.Qxd5 Qxb2 18.Qd7 Na5 19.Be5 Qe2 20.Qd1 Qb5 21.a4 Qb3 22.Qxb3 Nxb3
23.Rc3 Na5 24.Bc7 Rfc8 25.Rfc1 Nc6 26.Bxb6 axb6 27.Rc4 Ra6 28.Rd1 Raa8 29.Rd7 Nd8
30.Rb4 Kf8 31.Ng5 Ke8 32.Rd2 Rc6 33.Ne4 Ke7 34.Rbd4 Re6 35.Rd7+ Ke8 36.Nc3 Rc8
37.Nb5 Rec6 38.Kg2 Rc2 39.Rxd8+  1-0

[Event "17th North American FIDE Inv"]
[Site "Skokie USA"]
[Date "2008.11.16"]
[Round "3"]
[White "Young,A PHI"]
[Black "Betaneli,A"]
[Result "1/2-1/2"]
[WhiteElo "2358"]
[BlackElo "2318"]

1.d4 d5 2.Nf3 Nf6 3.c4 e6 4.Nc3 Be7 5.Bf4 dxc4 6.Qa4+ Nc6 7.e4 O-O 8.Qxc4 Bd6
9.Bg3 Bxg3 10.hxg3 Qe7 11.e5 Nd5 12.Bd3 h6 13.Nxd5 exd5 14.Qxd5 Qb4+ 15.Kf1 Ne7
16.Qb5 Qxb5 17.Bxb5 Be6  1/2-1/2

[Event "38th Olympiad"]
[Site "Dresden GER"]
[Date "2008.11.19"]
[Round "6"]
[White "Nyback,T"]
[Black "Carlsen,M"]
[Result "1-0"]
[WhiteElo "2634"]
[BlackElo "2786"]

1.Nf3 Nf6 2.c4 e6 3.Nc3 d5 4.d4 Be7 5.Bf4 O-O 6.e3 Nbd7 7.c5 c6 8.Bd3 b6
9.b4 a5 10.a3 Ba6 11.O-O Qc8 12.Qc2 Bxd3 13.Qxd3 Nh5 14.Be5 Qb7 15.Rfc1 Rfc8
16.h3 Nxe5 17.Nxe5 b5 18.Rcb1 Qc7 19.a4 axb4 20.axb5 bxc3 21.Nxc6 Nf6 22.Qxc3 Bf8
23.Rxa8 Rxa8 24.Ra1 Ne4 25.Qb2 Re8 26.Ne5 Nxc5 27.b6 Qb7 28.Qb5 Ra8 29.Rxa8 Qxa8
30.dxc5 Qa1+ 31.Kh2 Qxe5+ 32.g3 d4 33.b7 Qf5 34.Qb2 dxe3 35.fxe3 Qxc5 36.b8=Q Qxe3
37.Qc7 h6 38.Qbc2 Qd4 39.Q7c4  1-0

[Event "38th Olympiad"]
[Site "Dresden GER"]
[Date "2008.11.20"]
[Round "7"]
[White "Kawuma,M"]
[Black "Kumar,M"]
[Result "1-0"]
[WhiteElo "2204"]
[BlackElo "2019"]

1.d4 Nf6 2.c4 e6 3.Nf3 d5 4.Nc3 Be7 5.Bf4 O-O 6.e3 c6 7.Be2 Nbd7 8.h3 b6
9.O-O Bb7 10.Rc1 Rc8 11.cxd5 Nxd5 12.Nxd5 cxd5 13.Bd3 Nf6 14.Qa4 a6 15.Ne5 b5
16.Qb3 Ne4 17.Rcd1 Qa5 18.Bb1 Rfd8 19.Qd3 Qb4 20.f3 Nf6 21.Rf2 g6 22.g4 Nd7
23.Rfd2 Bf6 24.Nxd7 Rxd7 25.g5 Bg7 26.Qf1 Rdd8 27.h4 Re8 28.a3 Qe7 29.Be5 b4
30.axb4 Qxb4 31.f4 a5 32.h5 Qb3 33.Bd3 Bc6 34.Qe2 Ba4 35.Kf2 Qb4 36.Rh1 Qe7
37.Qg4 Bb3 38.Qh4 Bxe5 39.fxe5 Bc4 40.hxg6 fxg6 41.Bxg6 Rf8+ 42.Kg3 Rc7 43.Rdh2 hxg6
44.Qh8+ Kf7 45.Rh7+ Ke8 46.Rxe7+ Rxe7 47.Qh3 Kd7 48.Qg2 Rf5 49.Rh4 Rxg5+
50.Rg4 Rxg4+ 51.Kxg4 Kc6 52.Qc2 Kb6 53.b3  1-0

[Event "38th Olympiad w"]
[Site "Dresden GER"]
[Date "2008.11.20"]
[Round "7"]
[White "Smokina,K"]
[Black "Ordaz Valdes,L"]
[Result "1/2-1/2"]
[WhiteElo "2235"]
[BlackElo "2306"]

1.d4 d5 2.Nf3 Nf6 3.c4 e6 4.Nc3 Be7 5.Bf4 O-O 6.e3 Nbd7 7.Qb3 c6 8.h3 Re8
9.Be2 dxc4 10.Bxc4 Nb6 11.Be2 Nbd5 12.Be5 Qb6 13.Qc2 c5 14.O-O Bd7 15.Rac1 Rac8
16.Qb1 Red8 17.Ng5 g6 18.Nxd5 exd5 19.Bd3 Ne8 20.Nf3 Ng7 21.dxc5 Bxc5 22.b3 Ne6
23.Bf6 Re8 24.Ne5 Nf8 25.Nxd7 Nxd7 26.Ba1 Be7 27.Rxc8 Rxc8 28.Be2 Bf6 29.Bf3 Bxa1
30.Qxa1 Nf6 31.Rc1 Rxc1+ 32.Qxc1 Qc6 33.Qd2 Qc5 34.b4 Qc4 35.Be2 Qc6 36.Bd3 b6
37.Qc2 Qxc2 38.Bxc2 Kf8 39.Kf1 Ke7 40.f3 Nd7 41.Bb3 Kd6 42.Ke2 Ne5 43.Kd2  1/2-1/2

[Event "38th Olympiad w"]
[Site "Dresden GER"]
[Date "2008.11.20"]
[Round "7"]
[White "Steinbacher,C"]
[Black "Naipal,V"]
[Result "1-0"]
[WhiteElo "2203"]
[BlackElo "1790"]

1.d4 d5 2.c4 e6 3.Nf3 Be7 4.Nc3 Nf6 5.Bf4 c5 6.dxc5 Na6 7.cxd5 exd5 8.e3 Nxc5
9.Be2 O-O 10.O-O Be6 11.Nd4 Qb6 12.Ncb5 Rac8 13.a4 a5 14.Rc1 g6 15.h3 Bd7
16.b3 Ne6 17.Nxe6 Qxe6 18.Qd2 Bxb5 19.Bxb5 b6 20.Ba6 Rxc1 21.Rxc1 Bc5 22.Qb2 Qe7
23.Rd1 Bd6 24.Qd4 Bxf4 25.Qxf4 Rd8 26.Rc1 Qd6 27.Rc8 Kg7 28.Qxd6 Rxd6 29.Rb8 Ne4
30.Bd3 Nc5 31.Bc2 Na6 32.Rc8 Nb4 33.Kf1 Rc6 34.Rxc6 Nxc6 35.Ke2 Kf6 36.Bd3 Ke5
37.f4+ Kd6 38.Bb5 Na7 39.Bd3 Nc6 40.Kd2 Ne7 41.g4 h6 42.Kc3 Kc5 43.h4 Nc8
44.Bb5 Nd6 45.Bd7 Ne4+ 46.Kd3 Nf6 47.Bc8 Kb4 48.Kc2 Ne4 49.Bb7 Kc5 50.Ba6 Nf6
51.Be2 d4 52.g5 hxg5 53.fxg5 Nh5 54.exd4+ Kxd4 55.Bc4 f6 56.gxf6 Nxf6 57.Bf7 Ng4
58.Bxg6 Nh6 59.Kd2 Ng4 60.Bf7 Ne5 61.Bh5 Ke4 62.Be2 Nf7 63.Kc3 Kf4 64.Kc4 Nd6+
65.Kd5 Ne4 66.Kc6 Nd2 67.Bd1 Ke5 68.h5 Kf5 69.Kxb6 Kg5 70.Kxa5  1-0

[Event "38th Olympiad w"]
[Site "Dresden GER"]
[Date "2008.11.21"]
[Round "8"]
[White "Wilson,Ju"]
[Black "Figueroa,J"]
[Result "1-0"]
[WhiteElo "1935"]
[BlackElo "1761"]

1.d4 d5 2.c4 Nf6 3.Nf3 e6 4.Nc3 Be7 5.Bf4 O-O 6.e3 b6 7.cxd5 Nxd5 8.Nxd5 exd5
9.Bd3 c5 10.dxc5 bxc5 11.O-O Nd7 12.Qc2 Nf6 13.Rfd1 Be6 14.Rac1 Qb6 15.Be5 h6
16.b3 Rac8 17.Qe2 Nd7 18.Ba1 Bf6 19.Bxf6 Nxf6 20.h3 Rc6 21.Ne5 Rd6 22.Kh1 Nd7
23.Nf3 Rc8 24.Rc2 c4 25.Kg1 d4 26.Nxd4 Ne5 27.Be4 c3 28.Qh5 Qa5 29.Nxe6 Rxd1+
30.Qxd1 fxe6 31.Qd6 Kf7 32.f4 Qb6 33.Qxe5 Qxe3+ 34.Kh2 Rc5 35.Bg6+  1-0

[Event "TCh-BEL 2008-9"]
[Site "Belgium BEL"]
[Date "2008.11.23"]
[Round "4"]
[White "Docx,S"]
[Black "Ginsburg,G"]
[Result "0-1"]
[WhiteElo "2331"]
[BlackElo "2520"]

1.d4 d5 2.c4 e6 3.Nc3 Be7 4.Nf3 Nf6 5.Bf4 O-O 6.e3 c5 7.dxc5 Qa5 8.a3 dxc4
9.Bxc4 Qxc5 10.Ba2 Rd8 11.Qc2 b6 12.O-O Bb7 13.Ne5 Nbd7 14.b4 Qc8 15.Rac1 Nxe5
16.Bxe5 Qc6 17.f3 Rac8 18.Bb1 g6 19.Qb2 Qe8 20.Bd4 Ba6 21.Rfd1 Bc4 22.Bc2 Qf8
23.Ba4 Qh6 24.Ne2 e5 25.Bxe5 Qxe3+ 26.Kf1 b5 27.Rxc4 Rxd1+ 28.Bxd1 bxc4 29.Bxf6 Rd8
30.Bd4 Bf6  0-1

[Event "38th Olympiad w"]
[Site "Dresden GER"]
[Date "2008.11.23"]
[Round "10"]
[White "Limontaite,S"]
[Black "Enxtuul,A"]
[Result "1-0"]
[WhiteElo "2197"]
[BlackElo "1977"]

1.d4 d5 2.c4 e6 3.Nc3 Be7 4.Nf3 Nf6 5.Bf4 c6 6.e3 Nbd7 7.c5 Ne4 8.Nxe4 dxe4
9.Ne5 Nxe5 10.Bxe5 Qa5+ 11.Qd2 Qxd2+ 12.Kxd2 f6 13.Bg3 e5 14.Bc4 Bf5 15.b4 exd4
16.exd4 b5 17.Bb3 a5 18.a4 bxa4 19.Bxa4 O-O 20.Bxc6 Rad8 21.Ke3 axb4 22.Ra7 Rf7
23.Bc7 Bxc5 24.dxc5 Rd3+ 25.Ke2 b3 26.Ra8+ Rf8 27.Rxf8+ Kxf8 28.Rb1 g5 29.Bd6+ Kg7
30.Rb2 h5 31.Bb5 Rc3 32.Kd2 Rc2+ 33.Rxc2 bxc2 34.Be8 h4 35.c6 g4 36.g3 hxg3
37.hxg3 e3+ 38.fxe3 Be4 39.c7 c1=Q+ 40.Kxc1 Bf5 41.Kd2 Bc8 42.e4 Kh6 43.Ke3 Kg7
44.Kf4 Kh6 45.Bf8+ Kh7 46.Bh5 Kg8 47.Bxg4 Bb7 48.Bd6 Kf7 49.c8=Q Bxc8 50.Bxc8 Kg6
51.Be6 Kh7 52.Kf5 Kg7 53.Be7 Kh8 54.Kg6 f5 55.Bf6+  1-0

[Event "38th Olympiad w"]
[Site "Dresden GER"]
[Date "2008.11.25"]
[Round "11"]
[White "Ulms,S"]
[Black "Avelar,G"]
[Result "1-0"]
[WhiteElo "2160"]
[BlackElo "2045"]

1.d4 Nf6 2.c4 e6 3.Nf3 d5 4.Nc3 Be7 5.Bf4 O-O 6.e3 Nbd7 7.Nd2 c5 8.Nb5 Ne8
9.cxd5 exd5 10.Bd3 a6 11.Nc3 Nef6 12.Qf3 cxd4 13.exd4 Re8 14.O-O Nf8 15.h3 Ng6
16.Bg3 Be6 17.Nb3 b6 18.Rac1 Bd6 19.Rc2 Bxg3 20.fxg3 Qd7 21.Rfc1 Rec8 22.Qf1 a5
23.Bb5 Qd6 24.Ba6 Rd8 25.Qd3 Bc8 26.Bb5 Bb7 27.Ne2 Rac8 28.Ba6 Qd7 29.Bxb7 Qxb7
30.Qb5 Rxc2 31.Rxc2 Qb8 32.Rc6 Nd7 33.Rc3 Nf6 34.Nd2 Re8 35.Kf1 Nf8 36.Nf4 Qd8
37.Rc1 Ne6 38.Ne2 Ng5 39.Nf3 Nxf3 40.gxf3 Re6 41.Kf2 Qe8 42.Qxe8+ Nxe8 43.Rc8 Kf8
44.Nc3 Rd6 45.Nb5 Rd7 46.Rb8 Ke7 47.Rxb6 Nc7 48.Ke3 Nxb5 49.Rxb5 a4 50.Kd3 Kd6
51.Rb6+ Ke7 52.Rc6 Rb7 53.Kc2 Kd7 54.Rc3 Rb4 55.Rd3 Rc4+ 56.Kd2 Rb4 57.b3 axb3
58.axb3 Kd6 59.Kc3 Rb7 60.Rd1 Re7 61.Kd3 Ra7 62.Rb1 Ra2 63.h4 h5 64.Ke3 Rg2
65.b4 Rc2 66.Rb3 Rc4 67.b5 Rc8 68.b6 Rb8 69.Kf4 Ke6 70.Kg5 g6 71.b7 Ke7 72.Rb6 Kd7
73.Kf6 Ke8 74.Ke5 Kd7 75.Kxd5 Kc7 76.Rb3 Kd7 77.Ke5 Ke7 78.Rb6 Ke8 79.Ke4  1-0

[Event "Bundesliga 2008-9"]
[Site "Dresden GER"]
[Date "2008.11.29"]
[Round "5"]
[White "Roos,M GER"]
[Black "Goloshchapov,A"]
[Result "1/2-1/2"]
[WhiteElo "2367"]
[BlackElo "2579"]

1.d4 d5 2.c4 e6 3.Nc3 Be7 4.Nf3 Nf6 5.Bf4 O-O 6.e3 Nbd7 7.a3 c6 8.h3 b6 9.cxd5 exd5
10.Bd3 Bb7 11.O-O c5 12.Ne5 Nxe5 13.Bxe5 Bd6 14.Bxd6 Qxd6 15.Be2 Rac8 16.Qa4 a6
17.dxc5 bxc5 18.Bf3 Qb6 19.Qc2 d4 20.Na4 Qb5 21.Bxb7 Qxb7 22.Nxc5 dxe3 23.fxe3 Qe7
24.b4 a5 25.Qb3 Rc6 26.Rf3 axb4  1/2-1/2

[Event "Bundesliga 2008-9"]
[Site "Munich GER"]
[Date "2008.11.29"]
[Round "5"]
[White "Naumann,A"]
[Black "Heinzel,O"]
[Result "1-0"]
[WhiteElo "2518"]
[BlackElo "2378"]

1.d4 d5 2.c4 e6 3.Nf3 Nf6 4.Nc3 Be7 5.Bf4 c6 6.e3 O-O 7.h3 Nbd7 8.Qc2 a6
9.cxd5 exd5 10.Bd3 Re8 11.O-O Nf8 12.Ne5 N6d7 13.Nf3 Nf6 14.Bh2 Bd6 15.Bxd6 Qxd6
16.Rab1 Be6 17.b4 h6 18.Na4 Re7 19.Nc5 b6 20.Nxa6 Rea7 21.b5 cxb5 22.Nb4 Rc7
23.Qb2 Ne4 24.Rfc1 Rc4 25.Ne5 Nf6 26.Bxc4 bxc4 27.Nbc6 Ne4 28.Qb4 Rxa2 29.Qxd6 Nxd6
30.Rxb6 Ne4 31.Ne7+ Kh7 32.Rb8 Ng6 33.N5xg6 fxg6 34.Rb6 Bf7 35.Rb5 Nd6 36.Rb8 Ne4
37.Rd8  1-0

[Event "Bundesliga 2008-9"]
[Site "Emsdetten GER"]
[Date "2008.11.30"]
[Round "6"]
[White "Fressinet,L"]
[Black "Senff,M"]
[Result "1-0"]
[WhiteElo "2676"]
[BlackElo "2468"]

1.d4 Nf6 2.Nf3 d5 3.c4 e6 4.Nc3 Be7 5.Bf4 O-O 6.e3 c6 7.Qc2 Nbd7 8.h3 dxc4
9.Bxc4 b5 10.Bd3 Bb7 11.e4 b4 12.Na4 h6 13.O-O Rc8 14.Qe2 c5 15.e5 Nh7 16.Rad1 Qa5
17.b3 Rfd8 18.Rfe1 Nhf8 19.Bg3 a6 20.Nd2 cxd4 21.Nc4 Qc7 22.Qg4 Nc5 23.Nxc5 Qxc5
24.Bf4 Kh8 25.Rc1 Qd5 26.Kh2 Rc5 27.Nb6 Qc6 28.Na4 Rxc1 29.Rxc1 Qd5 30.Rc7 Nd7
31.Bc4 Nxe5 32.Bxd5 Nxg4+ 33.hxg4 Bxd5 34.Rxe7 d3 35.Nb2 Be4 36.Nc4 g5 37.Bd2 Bd5
38.Ne5 Kg8 39.Nxf7 Rc8 40.Nxh6+  1-0

[Event "4NCL 2008-9"]
[Site "Hinckley Island ENG"]
[Date "2008.12.07"]
[Round "4"]
[White "Buckley,D"]
[Black "Taylor,Pe"]
[Result "1-0"]
[WhiteElo "2244"]
[BlackElo "2254"]

1.d4 Nf6 2.c4 e6 3.Nf3 d5 4.Nc3 Be7 5.Bf4 O-O 6.e3 Nbd7 7.c5 c6 8.Bd3 b6
9.b4 a5 10.b5 Bb7 11.cxb6 Bb4 12.Rc1 Qxb6 13.O-O cxb5 14.Nxb5 Bc6 15.Nc7 Rac8
16.Qc2 Bb7 17.Qa4 Nb8 18.a3 Bc6 19.Bb5 Bxb5 20.Nxb5 Be7 21.Bc7 Qb7 22.Qxa5 Nc6
23.Qb6 Qxb6 24.Bxb6 Nd7 25.Bc7 Ncb8 26.Bd6 Bxd6 27.Nxd6 Rc6 28.Rxc6 Nxc6
29.Rc1 Na5 30.Rc7 Nb6 31.Ng5 Nac4 32.Ngxf7 h6 33.Rb7 Ra8 34.Nb5 Nxa3 35.Nxa3 Rxa3
36.Kf1 Nc4 37.Nd8 Ra2 38.Nxe6 Nd2+ 39.Ke1 Ne4 40.Rxg7+ Kh8 41.f3 Ra1+ 42.Ke2 Ra2+
43.Kd1 Nc3+ 44.Ke1 Re2+ 45.Kf1 Rxe3 46.Re7 Rd3 47.Kf2 Rd2+ 48.Kg3 Ne2+ 49.Kg4 Nxd4
50.Nxd4 Rxd4+ 51.Kh5 Kg8 52.Kxh6 Rh4+ 53.Kg6 Kf8 54.Re2 Rxh2 55.f4 d4 56.f5 Rh4
57.Rd2 Rg4+ 58.Kf6 Ke8 59.Ke6 Re4+ 60.Kd5 Rg4 61.Ke5 Kf7 62.Rf2 Ke7 63.Rd2 Kf7
64.Rxd4 Rxg2 65.Rd7+ Ke8 66.Ra7 Rb2 67.Kf6 Rh2 68.Ra8+ Kd7 69.Kg7 Ke7 70.f6+ Ke6
71.Ra6+ Kd7 72.f7 Rg2+ 73.Rg6  1-0

[Event "34th ch-ISR"]
[Site "Haifa ISR"]
[Date "2008.12.08"]
[Round "6"]
[White "Golod,V"]
[Black "Gershkowich,D"]
[Result "1-0"]
[WhiteElo "2584"]
[BlackElo "2341"]

1.d4 d5 2.c4 e6 3.Nf3 Nf6 4.Nc3 Be7 5.Bf4 O-O 6.e3 c5 7.dxc5 Bxc5 8.Qc2 Nc6
9.a3 Qa5 10.Nd2 Qd8 11.Nb3 Be7 12.Rd1 a5 13.cxd5 exd5 14.Be2 a4 15.Nd4 Qa5
16.O-O Bd7 17.Ndb5 Rfc8 18.Qb1 Be6 19.Rc1 g6 20.Rfd1 Bf5 21.Qa1 Be6 22.h3 Bf8
23.Nd4 Bd7 24.Nxc6 Bxc6 25.Be5 Ne4 26.Bd4 Re8 27.Qa2 Qd8 28.Nxe4 dxe4 29.Bc4 Qe7
30.Bd5 Ra5 31.Bxc6 bxc6 32.Rxc6 Qh4 33.Bf6 Qh5 34.Rd7 g5 35.g4 Qg6 36.Bc3  1-0

[Event "TCh-SLO"]
[Site "Murska Sobota SLO"]
[Date "2008.12.12"]
[Round "7"]
[White "Mihalcisin,A"]
[Black "Cigan,S"]
[Result "1-0"]
[WhiteElo "2522"]
[BlackElo "2386"]

1.d4 Nf6 2.Nf3 e6 3.c4 d5 4.Nc3 Be7 5.Bf4 O-O 6.e3 Nbd7 7.c5 Nh5 8.Bd3 Nxf4
9.exf4 f5 10.O-O c6 11.b4 Qc7 12.g3 a5 13.b5 b6 14.Qe2 Rf6 15.bxc6 Nb8 16.Nb5 Qxc6
17.Ne5 Qb7 18.Nd6 Bxd6 19.cxd6 Nc6 20.Rfc1 Bd7 21.Rab1 Be8 22.Qb2 Rd8 23.Qxb6 Qxb6
24.Rxb6 Nxd4 25.f3  1-0

[Event "XXI Carlos Torre"]
[Site "Merida MEX"]
[Date "2008.12.13"]
[Round "1"]
[White "Vera Gonzalez Quevedo,R"]
[Black "Guerrero Rodriguez,Alej"]
[Result "1-0"]
[WhiteElo "2497"]
[BlackElo "2143"]

1.d4 d5 2.c4 e6 3.Nc3 Nf6 4.Nf3 Be7 5.Bf4 Nh5 6.Bd2 c6 7.e4 dxe4 8.Nxe4 Nf6
9.Qc2 Nbd7 10.O-O-O Nxe4 11.Qxe4 Nf6 12.Qc2 O-O 13.Bd3 h6 14.Rhg1 b5 15.g4 bxc4
16.Bxc4 Nh7 17.h4 Bxh4 18.Bd3 f5 19.gxf5 Bg5 20.fxe6 Bxd2+ 21.Rxd2 Rxf3 22.Bxh7+ Kh8
23.Be4 Rf8 24.Qxc6 Rb8 25.e7 Qxe7 26.Qg6 Kg8 27.Qh7+  1-0

[Event "Bundesliga 2008-9"]
[Site "Katernberg GER"]
[Date "2008.12.14"]
[Round "9"]
[White "Ftacnik,L"]
[Black "Negi,P"]
[Result "1/2-1/2"]
[WhiteElo "2571"]
[BlackElo "2597"]

1.Nf3 d5 2.d4 Nf6 3.c4 e6 4.Nc3 Be7 5.Bf4 O-O 6.e3 c5 7.dxc5 Bxc5 8.cxd5 Nxd5
9.Nxd5 exd5 10.a3 Nc6 11.Bd3 Be7 12.b4 a6 13.O-O Bf6 14.Rc1 Be6 15.h3 Rc8
16.Qd2 Qb6 17.Rc2 Ne7 18.Rfc1 Rxc2 19.Rxc2 Rc8 20.Rxc8+ Bxc8 21.Qc2 g6 22.Be5 Bxe5
23.Nxe5 Qd6 24.Qc3 Bd7 25.Nxd7 Qxd7 26.Qc5 Nc6 27.b5 axb5 28.Bxb5 Qe7 29.Qxe7 Nxe7
30.Kf1 Kg7 31.Ke2 Kf6 32.Kd3 Ke5 33.f4+ Kd6 34.g4 f6 35.Be8 g5 36.fxg5 fxg5
37.Kd4 Ng6 38.Bf7 Ne7 39.Be8 Ng6 40.Bf7  1/2-1/2

[Event "75th ch-BRA"]
[Site "Porto Alegre BRA"]
[Date "2008.12.15"]
[Round "10"]
[White "Leitao,R"]
[Black "Lima,Da"]
[Result "0-1"]
[WhiteElo "2590"]
[BlackElo "2488"]

1.d4 Nf6 2.c4 e6 3.Nf3 d5 4.Nc3 Be7 5.Bf4 O-O 6.e3 c5 7.dxc5 Bxc5 8.a3 Nc6
9.Qc2 Qa5 10.Rd1 Re8 11.Nd2 e5 12.Bg5 Nd4 13.exd4 exd4+ 14.Be2 dxc3 15.Nb3 Qa4
16.Bxf6 dxc4 17.Qxc3 cxb3 18.Qxc5 gxf6 19.Rd4 Qa6 20.Qh5 f5 21.Rd8 Qa5+ 22.Rd2 Qe5
23.O-O Be6 24.Qg5+ Kh8 25.Rfd1 Rg8 26.Qe3 Qxe3 27.fxe3 Rac8 28.Kf2 Kg7 29.Bd3 Kf6
30.Bb1 Rc5 31.Rd4 Ke5 32.g3 Rgc8 33.Ke1 R8c6 34.Bd3 b5 35.Rf4 h6 36.e4 fxe4
37.Rxe4+ Kf6 38.Rf4+ Ke7 39.a4 bxa4 40.Rxa4 a5 41.Rda1 Rd6 42.Ke2 Rdd5 43.Bc4 Rh5
44.Bxe6 Rxh2+ 45.Kd3 fxe6 46.Kd4 Kd6 47.Rxa5 Rd2+  0-1

[Event "XXI Carlos Torre"]
[Site "Merida MEX"]
[Date "2008.12.16"]
[Round "5"]
[White "Vera Gonzalez Quevedo,R"]
[Black "Marrero Lopez,Yan"]
[Result "1/2-1/2"]
[WhiteElo "2497"]
[BlackElo "2260"]

1.d4 d5 2.c4 e6 3.Nf3 Nf6 4.Nc3 Be7 5.Bf4 O-O 6.e3 Nbd7 7.a3 c5 8.cxd5 Nxd5
9.Nxd5 exd5 10.dxc5 Nxc5 11.Be5 Bf6 12.Bxf6 Qxf6 13.Qd4 Qd6 14.Rd1 Rd8 15.Bd3 Nxd3+
16.Rxd3 Bf5 17.Rc3 Be4 18.O-O Bxf3 19.gxf3 Qg6+ 20.Kh1 Qf5 21.f4 Rd6 22.Rg1 Qe4+
23.Qxe4 dxe4 24.Rgc1 g6 25.Kg2 Rd2 26.Rb3 Rd7 27.Rc4 Re8 28.Rbb4 f5 29.Rd4 Ree7
30.Kf1 Kg7 31.Kg2 Kh6 32.Kg3 Kh5 33.h4  1/2-1/2

[Event "ch-Paulista do Interior"]
[Site "Santos BRA"]
[Date "2008.12.19"]
[Round "2"]
[White "Da Silva,E"]
[Black "Stamenkovic,Dr"]
[Result "0-1"]
[WhiteElo "1896"]
[BlackElo "2393"]

1.d4 Nf6 2.c4 e6 3.Nc3 d5 4.Nf3 Be7 5.Bf4 O-O 6.e3 a6 7.Rc1 Nbd7 8.Be2 dxc4
9.Bxc4 b5 10.Be2 Bb7 11.O-O c5 12.Ne5 Qb6 13.Bf3 cxd4 14.exd4 Rfd8 15.Bxb7 Qxb7
16.Qe2 Rac8 17.Rfe1 Nb6 18.Rcd1 Nbd5 19.Qf3 Qa7 20.Nxd5 Rxd5 21.Be3 Bd6 22.Rc1 Qb8
23.Rxc8+ Qxc8 24.Rc1 Qe8 25.Nd3 Nd7 26.Nc5 Bxc5 27.dxc5 Ne5 28.Qe2 Qc6 29.Rd1 f6
30.b4 Nc4 31.Bc1 Qd7 32.Re1 Re5 33.Qd1 Rxe1+ 34.Qxe1 Kf7 35.h3 Qd3 36.Bf4 e5
37.Bg3 g5 38.f3 Qc2 39.Bf2 Ke6 40.h4 h6 41.hxg5 hxg5 42.Qa1 Kd5 43.Qe1 Nb2
44.Kf1 f5 45.Qe2 Qb1+ 46.Be1 Nc4 47.Kf2 f4 48.Bc3 Ne3 49.Be1 Nc4 50.Bc3 Ne3
51.Be1 Ke6 52.Qd2 Nc4 53.Qe2 Ne3 54.Qd2 Nd5 55.Kg1 e4 56.fxe4 Qxe4 57.Kf1 Ne3+
58.Kg1 Nxg2 59.Qd6+ Kf7 60.Qd7+ Kg6 61.Bf2 Ne3 62.Bxe3 Qxe3+ 63.Kf1 Qc1+
64.Ke2 Qc2+ 65.Kf3 Qc3+ 66.Kf2 Qb2+ 67.Kf3 Qa3+ 68.Kf2 Qxa2+ 69.Kf3 Qb3+
70.Kf2 Qg3+ 71.Kf1 Qf3+ 72.Kg1 Qe3+ 73.Kh1 Qe1+ 74.Kg2 Qe2+ 75.Kg1 f3 76.Qd6+ Kf5
77.Qd7+ Kf4 78.Qd4+ Kf5 79.Qd7+ Ke4 80.Qe6+ Kd3 81.Qb3+ Kd4  0-1

[Event "4 Nations"]
[Site "Donostia ESP"]
[Date "2008.12.20"]
[Round "2"]
[White "Panelo,M"]
[Black "Narciso Dublan,M"]
[Result "0-1"]
[WhiteElo "2427"]
[BlackElo "2511"]

1.d4 d5 2.Nf3 Nf6 3.c4 e6 4.Nc3 Be7 5.Bf4 O-O 6.e3 c5 7.dxc5 Bxc5 8.cxd5 Nxd5
9.Nxd5 exd5 10.a3 Nc6 11.Bd3 Bb6 12.O-O d4 13.e4 Bg4 14.h3 Qf6 15.hxg4 Qxf4
16.Nh2 Ne5 17.g3 Qh6 18.f4 Nxd3 19.Qxd3 Qh3 20.Rae1 Rac8 21.g5 Rc2  0-1

[Event "1st Asian Clubs"]
[Site "Al Ain UAE"]
[Date "2008.12.25"]
[Round "1"]
[White "Pashikian,A"]
[Black "Mohamed,N"]
[Result "1-0"]
[WhiteElo "2611"]
[BlackElo "2275"]

1.d4 Nf6 2.Nf3 e6 3.c4 d5 4.Nc3 Be7 5.Bf4 O-O 6.a3 dxc4 7.e4 a6 8.Bxc4 c5
9.dxc5 Qxd1+ 10.Rxd1 Bxc5 11.e5 Nfd7 12.Ne4 Be7 13.Nd6 h6 14.O-O Rd8 15.Rd2 Nc6
16.Rfd1 Nf8 17.h4 Bxd6 18.Rxd6 Rxd6 19.Rxd6 Bd7 20.h5 Rc8 21.Bd3 Na5 22.Nd2 Ba4
23.b4 Nc6 24.Nc4 Bd1 25.f3 Rd8 26.Be4 Ba4 27.Nb6  1-0

[Event "18th North American Open"]
[Site "Las Vegas USA"]
[Date "2008.12.26"]
[Round "1"]
[White "Shulman,Y"]
[Black "Rubsamen,C"]
[Result "1-0"]
[WhiteElo "2616"]
[BlackElo "2225"]

1.d4 e6 2.c4 d5 3.Nf3 Nf6 4.Nc3 Be7 5.Bf4 O-O 6.e3 c5 7.dxc5 Bxc5 8.cxd5 Nxd5
9.Nxd5 exd5 10.a3 Nc6 11.Bd3 Bb6 12.O-O d4 13.e4 Bg4 14.h3 Qf6 15.hxg4 Qxf4
16.g5 Rfe8 17.g3 Qg4 18.Kg2 Ne5 19.Nxe5 Qxd1 20.Raxd1 Rxe5 21.f4 Re7 22.Rh1 g6
23.Rh6 Kg7 24.f5 f6 25.Rdh1 fxg5 26.Rxh7+ Kf6 27.Rxe7 Kxe7 28.fxg6 Kf6 29.e5+ Kxe5
30.Re1+ Kf6 31.Rf1+  1-0

[Event "Czech Christmas"]
[Site "Litomysl CZE"]
[Date "2008.12.27"]
[Round "2"]
[White "Cernousek,L"]
[Black "Vrana,J"]
[Result "0-1"]
[WhiteElo "2435"]
[BlackElo "2219"]

1.d4 d5 2.c4 e6 3.Nf3 Nf6 4.Nc3 Be7 5.Bf4 O-O 6.e3 c5 7.dxc5 Bxc5 8.cxd5 exd5
9.Be2 Nc6 10.O-O Be6 11.Rc1 Be7 12.Nd4 Rc8 13.Bg5 h6 14.Bh4 Qa5 15.Nxe6 fxe6
16.Bd3 Qb4 17.Bxf6 Bxf6 18.Qe2 Ne5 19.Bb1 Nc4 20.Qg4 Qb6 21.Rfd1 Rc6 22.Na4 Nxe3
23.Qf4 Bg5 24.Qxf8+ Kxf8 25.Nxb6 Nxd1 26.Rxd1 Rxb6 27.b3 Rc6 28.Kf1 Ke7 29.Ke2 Kd6
30.g3 Bf6 31.f4 Rc3 32.Kd2 a5 33.f5 exf5 34.Bxf5 Rf3 35.Bc8 Rf2+ 36.Ke1 Rxh2
37.Bxb7 Bc3+ 38.Kf1 d4 39.Bg2 Rh5 40.Be4 Re5 41.Bd3 Re3 42.Kf2 Kc5 43.Bc4 Kb4
44.Rd3 Be1+ 45.Kg2 Rxd3 46.Bxd3 Kc3 47.Be4 d3 48.Bf3 d2 49.Bd1 Kb2 50.a3 Kc1  0-1